Online
Catalog

Palabra cargada de futuro : (Record no. 30123)

MARC details
000 -CABECERA
campo de control de longitud fija 01656nam a2200265 a 4500
001 - NÚMERO DE CONTROL
campo de control 000030631
005 - FECHA Y HORA DE LA ÚLTIMA TRANSACCIÓN
campo de control 20260417182716.0
008 - DATOS DE LONGITUD FIJA--INFORMACIÓN GENERAL
campo de control de longitud fija 110525s2011 dr ac 001 p spa d
020 ## - NÚMERO INTERNACIONAL ESTÁNDAR DEL LIBRO
Número Internacional Estándar del Libro 9789945004335
040 ## - FUENTE DE LA CATALOGACIÓN
Centro catalogador/agencia de origen DO-SdBNP
Lengua de catalogación spa
Centro/agencia transcriptor BNPHU
082 ## - NÚMERO DE LA CLASIFICACIÓN DECIMAL DEWEY
Número de clasificación H861.4408
Número de documento/Ítem P153a
245 00 - MENCIÓN DE TÍTULO
Título Palabra cargada de futuro :
Resto del título antología poética /
Mención de responsabilidad, etc. edición, presentación y notas Rei Berroa.
260 ## - PUBLICACIÓN, DISTRIBUCIÓN, ETC.
Lugar de publicación, distribución, etc. Santo Domingo :
Nombre del editor, distribuidor, etc. Búho,
Fecha de publicación, distribución, etc. 2011.
300 ## - DESCRIPCIÓN FÍSICA
Extensión 304 p. :
Otras características físicas il., retrs. ;
Dimensiones 21 cm.
490 1# - MENCIÓN DE SERIE
Mención de serie Libros de luna
Designación de volumen o secuencia 6
500 ## - NOTA GENERAL
Nota general Incluye parte de los poemas leídos en el XIX Maratón de Poesía del Teatro de la Luna en la Biblioteca del Congreso de Washington, DC y en la Casa de la Luna de Washington, DC del 22 al 24 de abril de 2011.
500 ## - NOTA GENERAL
Nota general Incluye datos biográficos de los autores.
505 0# - NOTA DE CONTENIDO CON FORMATO
Título Reconocimiento --
-- Presentación/
Mención de responsabilidad Rei Berroa --
Título Historia de mis libros/
Mención de responsabilidad Gabriel Celaya --
Título Emilio Adolfo Westphlen: surrealismotodoterreno/
Mención de responsabilidad Marcelo Pellegrini --
-- Rafael Bordado (La Habana Vieja, Cuba) --
-- Kary Cerda (Villahermosa, Tabasco--
-- Vanessa Droz (Vega Baja, Puerto Rico, 1952) /
-- Gustavo Adolfo Garcés (Medellín, Colombia, 1957) /
-- Omar Lara (Nueva Imperial, Chile, 1941) /
-- Ma. Ángeles Maeso (Soria, España, 1955) --
-- Médar Serrata (Santo Domingo, 1964) /
-- Verónica Zondek (Santiago de Chile, 1953) /
-- Luz María Esparza (México, Distrito Federal) /
590 ## - NOTA LOCAL (RLIN)
Nota local Inventariado, 2019 / DG
650 #4 - PUNTO DE ACCESO ADICIONAL DE MATERIA--TÉRMINO DE MATERIA
Término de materia o nombre geográfico como elemento de entrada Poesía hispanoamericana
Subdivisión general Colecciones
9 (RLIN) 317
650 #0 - PUNTO DE ACCESO ADICIONAL DE MATERIA--TÉRMINO DE MATERIA
Término de materia o nombre geográfico como elemento de entrada Literatura hispanoamericana
9 (RLIN) 318
700 12 - PUNTO DE ACCESO ADICIONAL--NOMBRE DE PERSONA
Nombre de persona Berroa, Rei,
Fechas asociadas al nombre 1949-
Término indicativo de función/relación ed.
9 (RLIN) 160
830 #0 - PUNTO DE ACCESO ADICIONAL DE SERIE-TÍTULO UNIFORME
Título uniforme Libros de luna
Designación de volumen o secuencia 6
9 (RLIN) 57215
910 ## - DATOS DE OPCIÓN DEL USUARIO (OCLC)
Datos de opción del usuario Validado. Control de calidad EMS
Holdings
Estado de retiro Estado de pérdida Fuente del sistema de clasificación o colocación Restricciones de uso No para préstamo Código de colección Localización permanente Ubicación/localización actual Ubicación en estantería Fecha de adquisición Número de inventario Total de préstamos Signatura topográfica completa Código de barras Fecha visto por última vez Número de copia Precio válido a partir de Tipo de ítem Koha
    Dewey Decimal Classification     Dominicana de Servicio Biblioteca Nacional Pedro Henríquez Ureña Biblioteca Nacional Pedro Henríquez Ureña Depósito 25.05.2011 LF1   H861.4408 P153a 30631-30 25.06.2020 e. 3 25.06.2020 Libro y Folleto Colección Dominicana de Servicio
        Excluido de préstamo Patrimonio Dominicano Patrimonio Dominicano Patrimonio Dominicano Depósito 25.05.2011 LF1   H861.4408 P153a 30631-10 25.06.2020   25.06.2020 Libro y Folleto Colección Patrimonio Dominicano
        Excluido de préstamo Patrimonio Dominicano Patrimonio Dominicano Patrimonio Dominicano Depósito 25.05.2011 LF1   H861.4408 P153a 30631-20 25.06.2020 e. 2 25.06.2020 Libro y Folleto Colección Patrimonio Dominicano

Powered by Koha